000 00827nam a2200217 a 4500
001 000002699
005 20260408173818.0
008 090703s1999 dr a 000 0 spa d
040 _aDO-SdBNP
_bspa
_cBNPHU
082 _a340.54
_bS669l
100 1 _aSánchez Camacho, Birmania
_98522
245 1 0 _aLecciones de historia del Estado Romano y de su derecho /
_cBirmania Sánchez Camacho ; prólogo Luis José Bourget.
260 _aSanto Domingo :
_bUniversitaria (UASD),
_c1999.
300 _a152 P. :
_bil. ;
_c21 cm.
490 1 _aDerecho y polítca ;
_vno. 950
504 _aIncluye referencias bibliográficas (p.151-152)
650 4 _aDerecho romano
_xHistoria
_98523
650 0 _a Derecho público
_935852
700 1 _aSánchez Camacho, Birmania,
_epról.
_98522
830 0 _aDerecho y polítca ;
_vno. 950
_98525
999 _a1
_n0000127
_c2535
_d2535